000 00307nam a22001457a 4500
008 180814b xxu||||| |||| 00| 0 eng d
020 _a9780781730853
041 _aeng
080 _23rd
_a61
082 _a61
100 _a3
101 _aSHM
245 _aMedical Speller
_cWilliams,L
942 _2udc
_cBK
999 _c47134
_d47134